| 000 | 00933nam a2200277 a 4500 | ||
|---|---|---|---|
| 001 | BRL_327 | ||
| 005 | 20190320210703.0 | ||
| 008 | 290713s1969----sp-a######---#000-0#spa-# | ||
| 041 | _aspa | ||
| 044 | _asp | ||
| 050 | 4 |
_aN6554 _b.S68 1969 |
|
| 100 | 1 |
_aSoustelle, Jacques _923556 |
|
| 245 | 1 | 0 |
_aEl arte del México antiguo _ctexto de Jacques Soustelle ; realización y fotografías de Claude Arthaud y F. Hébert-Stevens. |
| 260 |
_aEspaña _bJuventud _c1969 |
||
| 300 |
_a178 p. _bil. (algunas a color) _c28 cm. |
||
| 500 | _aIncluye tabla cronológica, glosario, índice alfabético, lista de láminas, mapas y dibujos | ||
| 500 | _aAu450 | ||
| 504 | _aBibliografía : p. 175-[179] | ||
| 650 | 1 | 4 |
_aArte _zMéxico _923557 |
| 650 | 1 | 4 |
_aIndígenas de México _94678 |
| 651 | 4 |
_aMéxico _xAntigüedades _92765 |
|
| 700 | 1 |
_aArthaud, Claude _923558 |
|
| 700 | 1 |
_aHébert-Stevens, F. _923559 |
|
| 902 | _aGRL | ||
| 942 |
_2lcc _cB |
||
| 999 |
_c9140 _d9140 |
||